Textbook of Basic Nursing / (Record no. 10903)
[ view plain ]
| 000 -LEADER | |
|---|---|
| fixed length control field | 01257pam a2200301 a 4500 |
| 001 - CONTROL NUMBER | |
| control field | 579488 |
| 005 - DATE AND TIME OF LATEST TRANSACTION | |
| control field | 19910216153333.8 |
| 008 - FIXED-LENGTH DATA ELEMENTS--GENERAL INFORMATION | |
| fixed length control field | 900416s1991 paua b 001 0 eng c |
| 010 ## - LIBRARY OF CONGRESS CONTROL NUMBER | |
| LC control number | 90006058 |
| 020 ## - INTERNATIONAL STANDARD BOOK NUMBER | |
| International Standard Book Number | 0397547722 |
| 040 ## - CATALOGING SOURCE | |
| Original cataloging agency | DNLM/DLC |
| Transcribing agency | DLC |
| Modifying agency | DLC |
| 050 10 - LIBRARY OF CONGRESS CALL NUMBER | |
| Classification number | RT62 |
| Item number | .R58 1991 |
| 060 ## - NATIONAL LIBRARY OF MEDICINE CALL NUMBER | |
| Classification number | WY 195 R794t |
| 082 00 - DEWEY DECIMAL CLASSIFICATION NUMBER | |
| Classification number | 610.73 |
| Edition number | 20 |
| Item number | ROS |
| 100 1# - MAIN ENTRY--PERSONAL NAME | |
| Personal name | Rosdahl, Caroline Bunker. |
| 9 (RLIN) | 22969 |
| 245 10 - TITLE STATEMENT | |
| Title | Textbook of Basic Nursing / |
| Statement of responsibility, etc | Caroline Bunker Rosdahl. |
| 250 ## - EDITION STATEMENT | |
| Edition statement | 5th ed. |
| 260 ## - PUBLICATION, DISTRIBUTION, ETC. (IMPRINT) | |
| Place of publication, distribution, etc | Philadelphia : |
| Name of publisher, distributor, etc | Lippincott, |
| Date of publication, distribution, etc | c1991. |
| 300 ## - PHYSICAL DESCRIPTION | |
| Extent | xxiii, 1144 p. : |
| Other physical details | ill. ; |
| Dimensions | 29 cm. |
| 504 ## - BIBLIOGRAPHY, ETC. NOTE | |
| Bibliography, etc | Includes bibliographical references (p. 1073-1075) and index. |
| 650 #0 - SUBJECT ADDED ENTRY--TOPICAL TERM | |
| Topical term or geographic name as entry element | Practical nursing. |
| 9 (RLIN) | 22970 |
| 650 #0 - SUBJECT ADDED ENTRY--TOPICAL TERM | |
| Topical term or geographic name as entry element | Holistic medicine. |
| 9 (RLIN) | 22971 |
| 650 #2 - SUBJECT ADDED ENTRY--TOPICAL TERM | |
| Topical term or geographic name as entry element | Nursing, Practical. |
| 9 (RLIN) | 22972 |
| 942 ## - ADDED ENTRY ELEMENTS (KOHA) | |
| Source of classification or shelving scheme | Dewey Decimal Classification |
| Item type | Book - Borrowing |
| Withdrawn status | Item status | Source of classification or shelving scheme | Damaged status | Not for loan | Vendor | Home library | Current library | Shelving location | Date acquired | Source of acquisition | Cost, normal purchase price | Serial Enumeration / chronology | Total Checkouts | Total Renewals | Full call number | Barcode | Date last seen | Date last borrowed | Koha item type |
|---|---|---|---|---|---|---|---|---|---|---|---|---|---|---|---|---|---|---|---|
| Dewey Decimal Classification | Iqraa | Central Library | Central Library | First floor | 19/02/2009 | 525.00 | 1402 | 19 | 9 | 610.73 ROS | 000014916 | 15/07/2025 | 11/03/2014 | NB - Book (Non borrowing) | |||||
| Dewey Decimal Classification | Iqraa | Central Library | Central Library | First floor | 10/03/2009 | 10 | 610.73 ROS | 000015399 | 24/08/2022 | 03/11/2011 | CD | DVD - With book |